[Event "San Francisco TNM Spring op"]
[Site "San Francisco"]
[Date "2016.04.12"]
[Round "5"]
[White "Rudyak, Felix"]
[Black "Melville, Cailen Jeremiah"]
[Result "0-1"]
[WhiteElo "1953"]
[BlackElo "1811"]
[PlyCount "60"]
[EventDate "2016.03.15"]
[EventType "swiss"]
[EventRounds "8"]
[EventCountry "USA"]
[SourceTitle "EXT 2018"]
[Source "ChessBase"]
[SourceDate "2017.10.13"]
[SourceVersion "1"]
[SourceVersionDate "2017.10.13"]
[SourceQuality "1"]

1. d4 e6 2. c4 b6 3. Nc3 Bb7 4. e4 Bb4 5. f3 f5 6. Bd3 Nc6 7. Nge2 fxe4 8. fxe4 Qh4+ 9. g3 Qe7 10. 0-0 Nf6 11. Bg5 0-0-0 12. e5 Nxe5 13. Be4 Nxc4 14. Bxb7+ Kxb7 15. Ne4 Rhf8 16. a3 Bd6 17. b3 Na5 18. b4 Nc6 19. Qd3 h6 20. Bxf6 gxf6 21. Qf3 Kb8 22. Rab1 f5 23. Nc5 e5 24. Na6+ Kc8 25. d5 e4 26. Qb3 Ne5 27. Nd4 Kb7 28. Nc5+ Bxc5 29. bxc5 Qxc5 30. Qb4 Nf3+ 0-1

[Event "San Francisco TNM Winter op"]
[Site "San Francisco"]
[Date "2016.02.16"]
[Round "7"]
[White "Aafjes, Marc"]
[Black "Rudyak, Felix"]
[Result "0-1"]
[WhiteElo "1311"]
[BlackElo "1973"]
[PlyCount "54"]
[EventDate "2016.01.05"]
[EventType "swiss"]
[EventRounds "8"]
[EventCountry "USA"]
[SourceTitle "EXT 2018"]
[Source "ChessBase"]
[SourceDate "2017.10.13"]
[SourceVersion "1"]
[SourceVersionDate "2017.10.13"]
[SourceQuality "1"]

1. d4 d5 2. c4 Nc6 3. Nf3 Bg4 4. cxd5 Bxf3 5. dxc6 Bxc6 6. Bf4 Nf6 7. a3 e6 8. e3 Ne4 9. Nd2 g5 10. Nxe4 gxf4 11. Nc3 fxe3 12. fxe3 Qh4+ 13. g3 Qg5 14. e4 0-0-0 15. Qd3 Bg7 16. h4 Qg6 17. d5 exd5 18. Bh3+ Kb8 19. 0-0-0 d4 20. Bf5 Qh6+ 21. Kb1 a6 22. Ne2 Ba4 23. Rc1 Bb5 24. Qf3 Qb6 25. Rh2 d3 26. Nf4 d2 27. Rd1 Be2 0-1

[Event "San Francisco TNM Winter op"]
[Site "San Francisco"]
[Date "2016.01.12"]
[Round "2"]
[White "Harmon, Frederick G"]
[Black "Rudyak, Felix"]
[Result "0-1"]
[WhiteElo "1812"]
[BlackElo "1973"]
[PlyCount "86"]
[EventDate "2016.01.05"]
[EventType "swiss"]
[EventRounds "8"]
[EventCountry "USA"]
[SourceTitle "EXT 2018"]
[Source "ChessBase"]
[SourceDate "2017.10.13"]
[SourceVersion "1"]
[SourceVersionDate "2017.10.13"]
[SourceQuality "1"]

1. c4 e6 2. d4 d5 3. e3 c5 4. Nf3 Nc6 5. Nc3 Nf6 6. Be2 cxd4 7. Nxd4 Bb4 8. a3 Bxc3+ 9. bxc3 0-0 10. 0-0 Ne5 11. cxd5 exd5 12. f3 Bd7 13. Qb3 Qc7 14. Bd2 Rfe8 15. Rfe1 Rab8 16. a4 a6 17. Rab1 Ng6 18. c4 dxc4 19. Bxc4 Ne5 20. Bf1 Nc6 21. Bc4 Re7 22. Bc3 Na5 23. Bxa5 Qxa5 24. Qb4 Qxb4 25. Rxb4 a5 26. Rbb1 Bxa4 27. Ra1 Bd7 28. Rxa5 g6 29. e4 Ne8 30. Bb5 Nd6 31. Bxd7 Rxd7 32. Rd5 Rbd8 33. Rd1 Nc4 34. Nb5 Rxd5 35. Rxd5 Rxd5 36. exd5 Kf8 37. Kf1 Ne3+ 38. Kf2 Nxd5 39. Ke2 Ke7 40. g3 Kd7 41. Kd3 Kc6 42. Nd4+ Kc5 43. Nc2 Nb4+ 0-1

[Event "San Francisco TNM Summer op"]
[Site "San Francisco"]
[Date "2013.05.28"]
[Round "1"]
[White "Rudyak, Felix"]
[Black "Yamamoto, Craig"]
[Result "1-0"]
[WhiteElo "1946"]
[BlackElo "1542"]
[PlyCount "73"]
[EventDate "2013.05.28"]
[EventType "swiss"]
[EventRounds "8"]
[EventCountry "USA"]
[SourceTitle "EXT 2016"]
[Source "ChessBase"]
[SourceDate "2015.10.08"]
[SourceVersion "1"]
[SourceVersionDate "2015.10.08"]
[SourceQuality "1"]

1. d4 f5 2. e4 d6 3. Bc4 Nf6 4. exf5 Bxf5 5. Nf3 d5 6. Bb3 e6 7. 0-0 Nbd7 8. Qe2 Ne4 9. c4 c6 10. Nc3 Qf6 11. cxd5 cxd5 12. Nxd5 exd5 13. Bxd5 Qe7 14. Bxb7 Rd8 15. Re1 Nd6 16. Qa6 Be4 17. Bxe4 Nxe4 18. Bg5 Nxg5 19. Rxe7+ Bxe7 20. Nxg5 Bxg5 21. Qd6 Bf6 22. Re1+ Kf7 23. Qe6+ Kf8 24. d5 h5 25. d6 Rh6 26. Qe3 Be5 27. Qg5 Bf6 28. Qf5 g6 29. Qf4 Rh7 30. Re6 Rf7 31. Qh6+ Rg7 32. Qh8+ Kf7 33. Rxf6+ Kxf6 34. Qxd8+ Ke6 35. Qc7 Rf7 36. Qc4+ Kf6 37. b4 1-0

[Event "San Francisco TNM Spring op"]
[Site "San Francisco"]
[Date "2013.04.30"]
[Round "7"]
[White "Newey, Richard H"]
[Black "Rudyak, Felix"]
[Result "0-1"]
[WhiteElo "1702"]
[BlackElo "1968"]
[PlyCount "36"]
[EventDate "2013.03.19"]
[EventType "swiss"]
[EventRounds "8"]
[EventCountry "USA"]
[SourceTitle "EXT 2016"]
[Source "ChessBase"]
[SourceDate "2015.10.08"]
[SourceVersion "1"]
[SourceVersionDate "2015.10.08"]
[SourceQuality "1"]

1. e4 c5 2. Nf3 d6 3. Bb5+ Bd7 4. Bxd7+ Qxd7 5. 0-0 g6 6. d4 cxd4 7. Qxd4 Nf6 8. Re1 Nc6 9. Qd1 Bg7 10. Nc3 0-0 11. Bg5 Rac8 12. Bxf6 Bxf6 13. e5 Bg7 14. exd6 exd6 15. Qd2 Na5 16. Ne5 Bxe5 17. Qd5 Nc4 18. Ne4 Qc6 0-1

[Event "San Francisco TNM Spring op"]
[Site "San Francisco"]
[Date "2013.04.02"]
[Round "3"]
[White "Wong, Russell"]
[Black "Rudyak, Felix"]
[Result "1-0"]
[WhiteElo "2200"]
[BlackElo "1968"]
[PlyCount "49"]
[EventDate "2013.03.19"]
[EventType "swiss"]
[EventRounds "8"]
[EventCountry "USA"]
[SourceTitle "EXT 2016"]
[Source "ChessBase"]
[SourceDate "2015.10.08"]
[SourceVersion "1"]
[SourceVersionDate "2015.10.08"]
[SourceQuality "1"]

1. e4 c5 2. Nf3 d6 3. c3 g6 4. Bc4 Bg7 5. d4 cxd4 6. cxd4 Nf6 7. Nc3 0-0 8. Bb3 Nc6 9. 0-0 Bg4 10. Be3 Nd7 11. Ne2 Qa5 12. Rc1 Qh5 13. Ng3 Bxf3 14. gxf3 Qa5 15. f4 Kh8 16. d5 Nd8 17. Bd4 f6 18. Qe1 Qxe1 19. Rfxe1 Nb6 20. Rc7 Rf7 21. Rec1 Bh6 22. Ne2 Kg7 23. a4 Rb8 24. a5 Na8 25. Rc8 1-0

[Event "Reno Far West op"]
[Site "Reno"]
[Date "2008.03.23"]
[Round "5"]
[White "Rudyak, Felix"]
[Black "Margulis, Igor"]
[Result "1/2-1/2"]
[WhiteElo "2049"]
[BlackElo "2179"]
[PlyCount "59"]
[EventDate "2008.03.21"]
[EventType "swiss"]
[EventRounds "6"]
[EventCountry "USA"]
[SourceTitle "EXT 2010"]
[Source "ChessBase"]
[SourceDate "2010.11.25"]
[SourceVersion "1"]
[SourceVersionDate "2010.11.25"]
[SourceQuality "1"]

1. d4 g6 2. e4 Bg7 3. Bc4 d6 4. Nf3 Nf6 5. Nc3 0-0 6. h3 Nxe4 7. Bxf7+ Rxf7 8. Nxe4 h6 9. Qd3 Nd7 10. Bd2 c5 11. dxc5 Bxb2 12. Rb1 Bg7 13. cxd6 Nf6 14. 0-0 Nxe4 15. Qxe4 Qxd6 16. Rfd1 Qa6 17. Be3 Bf5 18. Qxb7 Qxb7 19. Rxb7 e5 20. Rxf7 Kxf7 21. c4 a5 22. c5 Rc8 23. Rd6 a4 24. Ra6 Bd7 25. Rd6 Be6 26. Ra6 Bxa2 27. Rxa4 Bd5 28. Ra7+ Kg8 29. Ne1 Bf8 30. Ra5 1/2-1/2

[Event "Western States op"]
[Site "Reno"]
[Date "2006.10.06"]
[Round "1"]
[White "Bradford, Joseph M"]
[Black "Rudyak, Felix"]
[Result "1-0"]
[WhiteElo "2517"]
[BlackElo "2039"]
[PlyCount "55"]
[EventDate "2006.10.07"]
[EventType "swiss"]
[EventRounds "6"]
[EventCountry "USA"]
[SourceTitle "EXT 2009"]
[Source "ChessBase"]
[SourceDate "2008.11.26"]
[SourceVersion "1"]
[SourceVersionDate "2008.11.26"]
[SourceQuality "1"]

1. Nf3 d5 2. d4 Nf6 3. c4 c6 4. Nc3 e6 5. g3 Be7 6. Bg2 0-0 7. 0-0 Nbd7 8. Qb3 Nb6 9. cxd5 exd5 10. Qc2 Ne8 11. Bf4 Nd6 12. b3 Bf5 13. Qb2 Rc8 14. Rad1 Ne4 15. Nxe4 Bxe4 16. Bh3 f5 17. Ne5 g5 18. f3 gxf4 19. fxe4 dxe4 20. Rxf4 Nd5 21. Rxf5 Rxf5 22. Bxf5 Ne3 23. Bxc8 Qxc8 24. Qc1 Bg5 25. Nc4 Nxd1 26. Qxg5+ Kf8 27. Qd2 b5 28. Ne5 1-0

[Event "San Francisco TNM Spring op"]
[Site "San Francisco"]
[Date "2006.04.18"]
[Round "4"]
[White "Rudyak, Felix"]
[Black "Penoyer, Flynn"]
[Result "0-1"]
[WhiteElo "1932"]
[BlackElo "1800"]
[PlyCount "132"]
[EventDate "2006.03.28"]
[EventType "swiss"]
[EventRounds "8"]
[EventCountry "USA"]
[SourceTitle "EXT 2007"]
[Source "ChessBase"]
[SourceDate "2006.11.23"]
[SourceVersion "1"]
[SourceVersionDate "2006.11.23"]
[SourceQuality "1"]

1. d4 Nf6 2. Bg5 d5 3. Nf3 Bf5 4. c4 c6 5. Nc3 e6 6. cxd5 exd5 7. Qb3 b6 8. Ne5 Be7 9. g3 0-0 10. Bg2 h6 11. Bxf6 Bxf6 12. 0-0 Bxe5 13. dxe5 Nd7 14. f4 Nc5 15. Qd1 Rc8 16. b4 Ne4 17. Nxe4 dxe4 18. Qxd8 Rfxd8 19. Rfd1 Kf8 20. Kf2 c5 21. bxc5 Rxd1 22. Rxd1 Rxc5 23. Rd4 Rc2 24. Ra4 a5 25. h3 Be6 26. a3 Bc4 27. Bxe4 Rxe2+ 28. Kf3 Bb5 29. Rd4 Ra2 30. Rd6 Rxa3+ 31. Kg4 Be2+ 32. Kh4 b5 33. Bd5 g5+ 34. fxg5 hxg5+ 35. Kxg5 Rxg3+ 36. Kh4 Re3 37. Kg5 Rxh3 38. Rd8+ Kg7 39. Rd7 Rh5+ 40. Kf4 Rh4+ 41. Kg5 Rh5+ 42. Kf4 Rh4+ 43. Kg3 Rh5 44. Rxf7+ Kg6 45. Rf6+ Kg7 46. Rf7+ Kg6 47. Kf4 Bc4 48. Rf6+ Kg7 49. Bf3 Rh6 50. Rf5 a4 51. Be4 a3 52. Rg5+ Kf7 53. Ke3 a2 54. Rg1 Ke6 55. Kd4 Rh2 56. Rg6+ Kf7 57. Ra6 Rd2+ 58. Kc3 Rd1 59. Kb2 b4 60. Ra5 Ke6 61. Bc2 Rd2 62. Kc1 Re2 63. Bb3 a1Q+ 64. Rxa1 Bxb3 65. Ra6+ Kxe5 66. Rb6 Re4 0-1

[Event "San Francisco TNM Spring op"]
[Site "San Francisco"]
[Date "2006.04.11"]
[Round "3"]
[White "Margulis, Igor"]
[Black "Rudyak, Felix"]
[Result "1-0"]
[WhiteElo "2227"]
[BlackElo "1932"]
[PlyCount "33"]
[EventDate "2006.03.28"]
[EventType "swiss"]
[EventRounds "8"]
[EventCountry "USA"]
[SourceTitle "EXT 2007"]
[Source "ChessBase"]
[SourceDate "2006.11.23"]
[SourceVersion "1"]
[SourceVersionDate "2006.11.23"]
[SourceQuality "1"]

1. e4 d5 2. exd5 Qxd5 3. Nc3 Qa5 4. d4 e5 5. Nf3 exd4 6. Nxd4 Bd7 7. Bc4 Nc6 8. Nxc6 Bxc6 9. Qe2+ Ne7 10. Bd2 Qf5 11. Nb5 Bxg2 12. Nxc7+ Kd8 13. Nxa8 Bxh1 14. 0-0-0 Bd5 15. Bxd5 Nxd5 16. c4 Qc8 17. Bg5+ 1-0

[Event "San Francisco TNM Winter op"]
[Site "San Francisco"]
[Date "2006.02.21"]
[Round "6"]
[White "Naroditsky, Daniel"]
[Black "Rudyak, Felix"]
[Result "0-1"]
[WhiteElo "1880"]
[BlackElo "1933"]
[PlyCount "148"]
[EventDate "2006.01.10"]
[EventType "swiss"]
[EventRounds "7"]
[EventCountry "USA"]
[SourceTitle "EXT 2007"]
[Source "ChessBase"]
[SourceDate "2006.11.23"]
[SourceVersion "1"]
[SourceVersionDate "2006.11.23"]
[SourceQuality "1"]

1. e4 d5 2. exd5 Qxd5 3. Nc3 Qa5 4. d4 e5 5. d5 Nf6 6. Nf3 e4 7. Ne5 Bb4 8. Bd2 Bxc3 9. Bxc3 Qxd5 10. Qc1 0-0 11. Bc4 Qd6 12. Qg5 Be6 13. Bxe6 Qxe6 14. h3 Nd5 15. Nd7 Nxc3 16. Nxf8 Qc4 17. bxc3 Qxc3+ 18. Ke2 Qxc2+ 19. Kf1 Qd3+ 20. Kg1 Kxf8 21. Kh2 Qd6+ 22. g3 Nc6 23. Rad1 Qe5 24. Qh4 Qf5 25. Rd2 Re8 26. Rhd1 Ne5 27. g4 Qg6 28. Kg2 Nf3 29. Qg3 Nxd2 30. Rxd2 Qc6 31. Qb3 Kg8 32. Kg1 h6 33. Rd4 e3 34. fxe3 Qf3 35. Qd3 Qg3+ 36. Kf1 Qxh3+ 37. Kf2 Qh2+ 38. Kf1 Qxa2 39. Rd8 Qa1+ 40. Kg2 Qb2+ 41. Kg1 Qc1+ 42. Kh2 Rxd8 43. Qxd8+ Kh7 44. Qd3+ g6 45. Qb3 Qd2+ 46. Kh1 Qe1+ 47. Kg2 Qd2+ 48. Kf1 Kg7 49. Qxb7 Qxe3 50. Qxc7 Qf3+ 51. Kg1 Qxg4+ 52. Kh1 Qd4 53. Qc2 a5 54. Qf2 Qe4+ 55. Kg1 Qe5 56. Qd2 g5 57. Kh1 g4 58. Qf2 g3 59. Qxg3+ Qg5 60. Qc3+ Kg6 61. Qd3+ Qf5 62. Qg3+ Kh7 63. Qf2 Qh5+ 64. Kg1 Qg6+ 65. Kh1 a4 66. Qa2 Qe4+ 67. Kg1 Qe3+ 68. Kh1 Qb3 69. Qf2 Qb1+ 70. Kh2 Qg6 71. Qa2 Qh5+ 72. Kg1 Qd1+ 73. Kh2 Qb3 74. Qf2 a3 0-1

[Event "San Francisco TNM Winter op"]
[Site "San Francisco"]
[Date "2006.01.10"]
[Round "1"]
[White "Rudyak, Felix"]
[Black "Russell, Joe Ryan"]
[Result "1-0"]
[WhiteElo "1933"]
[BlackElo "1567"]
[PlyCount "41"]
[EventDate "2006.01.10"]
[EventType "swiss"]
[EventRounds "7"]
[EventCountry "USA"]
[SourceTitle "EXT 2007"]
[Source "ChessBase"]
[SourceDate "2006.11.23"]
[SourceVersion "1"]
[SourceVersionDate "2006.11.23"]
[SourceQuality "1"]

1. e4 c5 2. c3 d6 3. d4 cxd4 4. cxd4 Nf6 5. Nc3 e6 6. Nf3 Be7 7. Bd3 0-0 8. Qc2 Nc6 9. a3 h6 10. g4 Qb6 11. h4 Nxg4 12. Rg1 e5 13. Nd5 Qd8 14. Ne3 Nxe3 15. Bxe3 Nxd4 16. Nxd4 exd4 17. Bxh6 Bf6 18. Qd2 Be5 19. Bxg7 Bxg7 20. Qh6 Qa5+ 21. b4 1-0

[Event "Donnelly Memorial"]
[Site "San Francisco"]
[Date "2005.09.17"]
[Round "1"]
[White "Wilson, Stephen"]
[Black "Rudyak, Felix"]
[Result "0-1"]
[WhiteElo "1158"]
[BlackElo "1885"]
[PlyCount "56"]
[EventDate "2005.09.17"]
[EventType "swiss (rapid)"]
[EventRounds "5"]
[EventCountry "USA"]
[SourceTitle "EXT 2024"]
[Source "ChessBase"]
[SourceDate "2023.10.10"]
[SourceVersion "1"]
[SourceVersionDate "2023.10.10"]
[SourceQuality "1"]

1. e4 d5 2. exd5 Qxd5 3. Nc3 Qa5 4. d4 Nf6 5. f3 Bf5 6. Bd2 c6 7. Bc4 e6 8. Nge2 Nbd7 9. a3 Qc7 10. Bg5 Bd6 11. g3 0-0-0 12. Bxf6 Nxf6 13. Qd2 e5 14. Bxf7 Qxf7 15. 0-0-0 Bc7 16. Qg5 Qg6 17. Qxg6 Bxg6 18. Na4 Rhe8 19. Nc5 exd4 20. Nxd4 Bb6 21. Ncb3 Nd5 22. c3 Ne3 23. Rd2 Bf7 24. Na1 c5 25. Ne2 Rxd2 26. Kxd2 Nc4+ 27. Ke1 Nxb2 28. f4 Bc4 0-1

[Event "San Francisco Summer TNM"]
[Site "San Francisco"]
[Date "2005.07.12"]
[Round "5"]
[White "Rudyak, Felix"]
[Black "Oca Homer, Nicolas"]
[Result "0-1"]
[WhiteElo "1909"]
[BlackElo "1671"]
[PlyCount "76"]
[EventDate "2005.06.14"]
[EventType "swiss"]
[EventRounds "8"]
[EventCountry "USA"]
[SourceTitle "EXT 2007"]
[Source "ChessBase"]
[SourceDate "2006.11.23"]
[SourceVersion "1"]
[SourceVersionDate "2006.11.23"]
[SourceQuality "1"]

1. e4 a6 2. d4 h6 3. Nf3 d6 4. Bd3 e6 5. 0-0 Nf6 6. e5 dxe5 7. dxe5 Nfd7 8. Qe2 c5 9. Rd1 g5 10. Nc3 Bg7 11. Ne4 0-0 12. Nfxg5 Nxe5 13. Nf3 Nxd3 14. Rxd3 Qc7 15. Ne1 f5 16. Ng3 f4 17. Nh5 e5 18. Nxg7 Qxg7 19. Rd5 Nc6 20. Rxc5 Bd7 21. Bd2 Rae8 22. Bc3 Nd4 23. Qf1 Bb5 24. Nd3 f3 25. Bxd4 exd4 26. g3 Re2 27. Re1 Rfe8 28. Rxe2 fxe2 29. Qe1 Bc6 30. f4 Re3 31. Re5 Bf3 32. Kf2 Be4 33. Kg1 Qg4 34. Rxe4 Rxe4 35. Nf2 Qf3 36. Nxe4 Qxe4 37. Kf2 Qxc2 38. Qxe2 d3 0-1

[Event "San Francisco Stamer Memorial"]
[Site "San Francisco"]
[Date "2005.06.04"]
[Round "2"]
[White "Mar, Craig"]
[Black "Rudyak, Felix"]
[Result "1-0"]
[WhiteElo "2428"]
[BlackElo "1909"]
[PlyCount "93"]
[EventDate "2005.06.04"]
[EventType "swiss"]
[EventRounds "6"]
[EventCountry "USA"]
[SourceTitle "EXT 2007"]
[Source "ChessBase"]
[SourceDate "2006.11.23"]
[SourceVersion "1"]
[SourceVersionDate "2006.11.23"]
[SourceQuality "1"]

1. d4 d5 2. c4 Nc6 3. Nc3 Nf6 4. Bg5 e6 5. e3 Be7 6. Nf3 0-0 7. Rc1 Ne4 8. Bxe7 Nxe7 9. Bd3 f5 10. cxd5 exd5 11. Ne5 c6 12. 0-0 Ng6 13. f4 Nxe5 14. fxe5 Qg5 15. Qf3 Nd2 16. Qf4 Qxf4 17. Rxf4 g5 18. Rf2 Ne4 19. Bxe4 fxe4 20. Rxf8+ Kxf8 21. Rf1+ Ke7 22. Rf6 Be6 23. Rh6 Bf5 24. h4 gxh4 25. Rxh4 Bg6 26. Rf4 Rf8 27. Rxf8 Kxf8 28. Kh2 Ke7 29. b4 Ke6 30. Kg3 Kf5 31. Kh4 b6 32. g4+ Ke6 33. Ne2 Kd7 34. Kg5 c5 35. dxc5 bxc5 36. bxc5 Kc6 37. Nd4+ Kxc5 38. e6 Kc4 39. e7 Kc5 40. Kf6 Kd6 41. g5 a6 42. Ne2 Be8 43. Nc3 Kc5 44. Ke5 Bf7 45. Nxd5 Kc4 46. Nf6 Kd3 47. Kf4 1-0

[Event "San Francisco Stamer Memorial"]
[Site "San Francisco"]
[Date "2005.06.04"]
[Round "3"]
[White "Rudyak, Felix"]
[Black "Woebcke, Carl"]
[Result "1/2-1/2"]
[WhiteElo "1909"]
[BlackElo "1637"]
[PlyCount "84"]
[EventDate "2005.06.04"]
[EventType "swiss"]
[EventRounds "6"]
[EventCountry "USA"]
[SourceTitle "EXT 2007"]
[Source "ChessBase"]
[SourceDate "2006.11.23"]
[SourceVersion "1"]
[SourceVersionDate "2006.11.23"]
[SourceQuality "1"]

1. d4 d5 2. c4 e6 3. a3 b6 4. Nc3 Nf6 5. Bf4 Bd6 6. Bg3 a6 7. Nf3 Bb7 8. e3 Nbd7 9. b4 Bxg3 10. hxg3 c5 11. bxc5 bxc5 12. Rb1 Rb8 13. Qa4 0-0 14. Qc2 Qa5 15. g4 Ne4 16. Rc1 Bc6 17. Nd2 Qxc3 18. Qxc3 Nxc3 19. Rxc3 cxd4 20. exd4 g5 21. Rch3 f5 22. Rxh7 Nf6 23. Rh8+ Kg7 24. Rxf8 Rxf8 25. gxf5 exf5 26. Nf3 Re8+ 27. Be2 dxc4 28. Ne5 Bb5 29. 0-0 c3 30. Bxb5 axb5 31. Rc1 Nd5 32. Nd3 Re2 33. Nb4 Nxb4 34. axb4 c2 35. Kf1 Rd2 36. Ke1 Rxd4 37. Rxc2 Rxb4 38. Ke2 Kf6 39. Kd3 Ke6 40. Rc6+ Kd5 41. Rf6 Rd4+ 42. Kc3 b4+ 1/2-1/2

[Event "San Francisco FIDE August"]
[Site "San Francisco"]
[Date "2001.08.17"]
[Round "7"]
[White "Rudyak, Felix"]
[Black "Wong, Russell"]
[Result "0-1"]
[WhiteElo "2000"]
[BlackElo "2124"]
[PlyCount "78"]
[EventDate "2001.08.11"]
[EventType "tourn"]
[EventRounds "9"]
[EventCountry "USA"]
[SourceTitle "EXT 2007"]
[Source "ChessBase"]
[SourceDate "2006.11.23"]
[SourceVersion "1"]
[SourceVersionDate "2006.11.23"]
[SourceQuality "1"]

1. d4 Nf6 2. c4 c5 3. d5 b5 4. Nd2 Qa5 5. e4 d6 6. Qc2 bxc4 7. Bxc4 g6 8. Ngf3 Nbd7 9. 0-0 Bg7 10. Bd3 0-0 11. Nc4 Qc7 12. Bd2 Nb6 13. Bc3 Bd7 14. Rac1 Rfb8 15. Nfd2 Nxc4 16. Nxc4 Bb5 17. f4 Bxc4 18. Bxc4 Ng4 19. Rf3 Bd4+ 20. Bxd4 cxd4 21. Qd3 Rxb2 22. Qxd4 Rab8 23. Rfc3 Rb1 24. h3 Rxc1+ 25. Rxc1 Nf6 26. Qe3 Rc8 27. Rc2 Qc5 28. Qxc5 Rxc5 29. Bd3 Rxc2 30. Bxc2 Nh5 31. f5 gxf5 32. exf5 Kg7 33. g4 Nf4 34. Be4 Nxh3+ 35. Kg2 Ng5 36. Bc2 Kf6 37. Kg3 Ke5 38. Bb3 Ne4+ 39. Kh4 Nf6 0-1

[Event "San Francisco FIDE Summer-C"]
[Site "San Francisco"]
[Date "2001.06.25"]
[Round "10"]
[White "Schiller, Eric Andrew"]
[Black "Rudyak, Felix"]
[Result "0-1"]
[WhiteElo "2205"]
[BlackElo "2000"]
[PlyCount "68"]
[EventDate "2001.06.16"]
[EventType "tourn"]
[EventRounds "11"]
[EventCountry "USA"]
[SourceTitle "EXT 2007"]
[Source "ChessBase"]
[SourceDate "2006.11.23"]
[SourceVersion "1"]
[SourceVersionDate "2006.11.23"]
[SourceQuality "1"]

1. d4 d5 2. Nf3 Nf6 3. e3 e6 4. b3 Bd6 5. Bb2 0-0 6. Bd3 Ne4 7. Bxe4 dxe4 8. Nfd2 f5 9. Nc4 Qg5 10. g3 Be7 11. Nbd2 Nd7 12. a4 c6 13. a5 Rb8 14. Qe2 b5 15. f4 Qh6 16. Ne5 Nxe5 17. dxe5 Rd8 18. 0-0 g5 19. g4 gxf4 20. exf4 Bc5+ 21. Kh1 Kf7 22. Rad1 Bb7 23. gxf5 exf5 24. Nxe4 fxe4 25. Qxe4 Be7 26. e6+ Ke8 27. Rxd8+ Bxd8 28. a6 Ba8 29. Rd1 c5 30. Rd5 Bf6 31. Be5 Qh3 32. Kg1 Qxe6 33. Qxh7 Qg4+ 34. Kf2 Bxd5 0-1

[Event "San Francisco FIDE Summer-C"]
[Site "San Francisco"]
[Date "2001.06.21"]
[Round "6"]
[White "Rudyak, Felix"]
[Black "Hammer, Dale M"]
[Result "1/2-1/2"]
[WhiteElo "2000"]
[BlackElo "2000"]
[PlyCount "92"]
[EventDate "2001.06.16"]
[EventType "tourn"]
[EventRounds "11"]
[EventCountry "USA"]
[SourceTitle "EXT 2007"]
[Source "ChessBase"]
[SourceDate "2006.11.23"]
[SourceVersion "1"]
[SourceVersionDate "2006.11.23"]
[SourceQuality "1"]

1. d4 Nf6 2. c4 g6 3. Nc3 d5 4. cxd5 Nxd5 5. e4 Nxc3 6. bxc3 Bg7 7. Bc4 c5 8. Ne2 Nc6 9. Be3 0-0 10. 0-0 Qc7 11. Qc1 Rd8 12. Rd1 a6 13. a4 Bg4 14. f3 Bd7 15. Rb1 Na5 16. Ba2 Bxa4 17. Re1 cxd4 18. Nxd4 Rac8 19. Ne6 fxe6 20. Bxe6+ Kh8 21. Bb6 Qd6 22. Bxc8 Rxc8 23. Bxa5 Qc5+ 24. Kh1 Qxa5 25. Rxb7 Qxc3 26. Qxc3 Bxc3 27. Rc1 e5 28. g3 Bb5 29. h4 Rc6 30. Rd1 Bd4 31. Kh2 Be2 32. Rdb1 Bb5 33. Rd1 Rc2+ 34. Kh3 h5 35. g4 Rf2 36. Kg3 Be2 37. Rc1 Rxf3+ 38. Kg2 Rf2+ 39. Kg3 Bxg4 40. Rcc7 Rb2 41. Rh7+ Kg8 42. Rbg7+ Kf8 43. Rf7+ Ke8 44. Re7+ Kd8 45. Ref7 Rb3+ 46. Kh2 Rb2+ 1/2-1/2

[Event "San Francisco FIDE Summer-C"]
[Site "San Francisco"]
[Date "2001.06.20"]
[Round "5"]
[White "Rozenvasser, Anthony"]
[Black "Rudyak, Felix"]
[Result "0-1"]
[WhiteElo "2000"]
[BlackElo "2000"]
[PlyCount "82"]
[EventDate "2001.06.16"]
[EventType "tourn"]
[EventRounds "11"]
[EventCountry "USA"]
[SourceTitle "EXT 2007"]
[Source "ChessBase"]
[SourceDate "2006.11.23"]
[SourceVersion "1"]
[SourceVersionDate "2006.11.23"]
[SourceQuality "1"]

1. e4 e6 2. d4 d5 3. exd5 exd5 4. Bd3 Nf6 5. Bg5 Bd6 6. Nc3 c6 7. f3 0-0 8. Nge2 Nbd7 9. Qd2 Re8 10. 0-0-0 b5 11. Nb1 Nb6 12. Ng3 Qc7 13. Qf2 Nfd7 14. Nh5 g6 15. Rhe1 Bb7 16. Qh4 Nc4 17. f4 Ne3 18. Rd2 c5 19. Bxb5 Nf5 20. Bxd7 Nxh4 21. Nf6+ Kg7 22. Nxe8+ Rxe8 23. Bxe8 Nf5 24. dxc5 Qxc5 25. g4 Nd4 26. f5 Nf3 27. f6+ Kg8 28. Be3 d4 29. Bxd4 Nxd4 30. Ba4 Ne6 31. Rd3 Ba6 32. Rf3 Qg5+ 33. Nd2 Bf4 34. Rf2 Qxf6 35. c3 Qh4 36. Rxe6 Qxf2 37. Re8+ Kg7 38. Rd8 Be2 39. Kc2 Qe1 40. Ne4 Bxg4 41. Kd3 Qe3+ 0-1